Regionálne modely ekonomiky SR pre potreby projekcií a simulácií
Informácia o zámeroch a cieľoch dizeratačnej práce, obhajoba ktorej sa konala 22. júna 2010.
Gespeichert in:
| 1. Verfasser: | |
|---|---|
| Format: | Buchkapitel |
| Sprache: | Slowakisch |
| Schlagworte: | |
| Tags: |
Keine Tags, Fügen Sie das erste Tag hinzu!
|
MARC
| LEADER | 00000naa a2200000 4500 | ||
|---|---|---|---|
| 001 | 0126551 | ||
| 005 | 20240429121131.7 | ||
| 041 | 0 | |a slo | |
| 044 | |a SK | ||
| 245 | 1 | 0 | |a Regionálne modely ekonomiky SR pre potreby projekcií a simulácií |c Slávka Pavlovičová |
| 520 | |a Informácia o zámeroch a cieľoch dizeratačnej práce, obhajoba ktorej sa konala 22. júna 2010. | ||
| 610 | 2 | 0 | |a práce kvalifikačné |
| 610 | 2 | 0 | |a modely input-output |
| 610 | 2 | 0 | |a modely ekonometrické |
| 610 | 2 | 0 | |a simulácia |
| 100 | 1 | |a Pavlovičová, Slávka | |